Kúpeľníctvo a jeho význam v turizme

Saved in:
Bibliographic Details
Main Author: Kerekeš, Juraj
Other Authors: Novacká, Ľudmila, 1953-
Format: Book
Language:Slovak
Published: Bratislava Weltprint 2018
Subjects:
Tags: Add Tag
No Tags, Be the first to tag this record!

MARC

LEADER 00000nam a2200000 4500
001 0243064
005 20240221112925.4
020 |a 978-80-973035-1-8 
041 0 |a slo 
044 |a SK 
245 1 0 |a Kúpeľníctvo a jeho význam v turizme  |c Juraj Kerekeš ; recenzentka: Ľudmila Novacká 
264 1 |a Bratislava  |b Weltprint  |c 2018 
300 |a 285 s. 
610 2 0 |a kúpeľníctvo 
610 2 0 |a turistika 
610 2 0 |a ruch cestovný kúpeľný 
610 2 0 |a ruch cestovný medzinárodný 
610 2 0 |a voda minerálna 
610 2 0 |a voda termálna 
610 2 0 |a samospráva 
610 2 0 |a ochrana prostredia životného 
610 2 0 |a ochrana vody 
610 2 0 |a marketing destinačný 
610 2 0 |a ubytovanie 
610 2 0 |a bezpečnosť 
610 2 0 |a financovanie 
610 2 0 |a zdroje finančné 
610 2 0 |a fondy Európskej únie 
610 2 0 |a fondy štruktúrne 
610 2 0 |a fondy investičné 
610 2 0 |a regióny 
100 1 |a Kerekeš, Juraj 
700 1 |a Novacká, Ľudmila, 1953-